This is service design thinking : basics, tools, cases

Saved in:
Bibliographic Details
Other Authors: Stickdorn, Marc (Editor), Schneider, Jakob (Editor)
Format: Book
Language:English
Published: Amsterdam : BIS Pub., 2013.
Edition:4th printing.
Subjects:
Tags: Add Tag
No Tags, Be the first to tag this record!

MARC

LEADER 00000cam a2200000 i 4500
001 1/56032
008 140916s2013 ne | ||| |||| ||eng||
020 |a 9789063692568 
035 |l 10119111 
040 |a GR-MyUa  |b gre  |e AACR2 
041 0 |a eng 
082 7 |a 338.47   |2 (23) 
245 1 0 |a This is service design thinking :   |b basics, tools, cases /   |c Marc Stickdorn, Jakob Schneider [concept and editing].  
250 |a 4th printing.  
260 |a Amsterdam :   |b BIS Pub.,   |c 2013.  
300 |a 373 σ. :   |b εικ. ;   |c 24 εκ.  
504 |a Βιβλιογραφία: σ. 340-365. Ευρετήριο.  
650 0 |a Service industries  |x Management. 
700 1 |a Stickdorn, Marc,  |e edt 
700 1 |a Schneider, Jakob,  |e edt 
852 |a INST  |b SYROS  |e 20140916  |h 338.47 THI  |p 005500012500  |q 005500012500  |t BK  |y 0 
901 |a BIBL5-2014-3 
922 |a 5ΕΛΗ  |b 201405  |c Βιβλιοθήκη Σύρου  |d Διαδρομές 
970 |a Κοντού  |b Παρασκευή  |z 16/09/2014